Terms in their propositional contexts in Wittgenstein's Tractatus : an index /

Guardado en:
Autor Principal: Plochmann, George Kimball.
Otros Autores: Wittgenstein, Ludwig, 1889-1951., Lawson, Jack B.
Formato: Libro
Idioma:English
Publicado: [Carbondale] : Southern Illinois University Press, c1962.
Etiquetas: Agregar Etiqueta
Sin Etiquetas, Sea el primero en etiquetar este registro!
LEADER 00712nam a22001815a 4500
001 MAT.inmabb001455
008 031124s1962####xxu######i####000#0#eng#d
005 20170816123927.0
245 1 0 |a Terms in their propositional contexts in Wittgenstein's Tractatus :  |b an index /  |c by George Kimball Plochmann and Jack B. Lawson. 
260 |a [Carbondale] :  |b Southern Illinois University Press,  |c c1962. 
300 |a xiv, 229 p. ;  |c 24 cm. 
510 4 |a MR,  |c 26 #1239 
100 1 |a Plochmann, George Kimball. 
700 0 |a Wittgenstein, Ludwig,  |d 1889-1951.  |t Tractatus logico-philosophicus. 
700 1 |a Lawson, Jack B. 
084 |a 00.50 (02.00)  |a 00A05  |2 msc2000 
010 |a  62012778  
859 |h 00A05  |i P729  |p A-1752  |b BIB. MATEMATICA